000 00813nam a2200265 i 4500
001 000030237
003 DO-SdBNP
005 20260122131130.0
007 ta
008 110505s2008 dr ac 000 | spa d
040 _aDO-SdBNP
_bspa
_cBNPHU
_erda
041 _aspa
082 _axxx
_bM385e
_222
100 1 _aMartínez, Lusitania
_eautor
_92860
245 1 0 _aEntre dos mujeres :
_bSomine de Beauvoir y Virginia Woolf.
264 _aSanto Domingo :
_bSecretaría de Estado de la Mujer,
_c2008.
300 _a38 páginas :
_bilustraciones, retratos. ;
_c21 cm.
336 _ardacontent
_btexto
_2txt
337 _ardamedia
_bsin mediación
_2n
338 _ardacarrier
_bvolumen
_2nc
500 _aIncluye notas al pie de las páginas.
590 _aInventariado, 2026/DG
910 _aDG
942 _2ddc
_cLBS1
999 _c29729
_d29729